| 000 | 00677nam a22002297a 4500 | ||
|---|---|---|---|
| 999 |
_c3912 _d3912 |
||
| 003 | AR-CdUCM | ||
| 008 | 190307b ||||| |||| 00| 0 spa d | ||
| 020 | _a84-8280-134-1 | ||
| 040 |
_aMUNICIPALIDAD PROVINCIAL DEL CUSCO _cBIBLIOTECA MUNICIPAL DEL CUSCO |
||
| 082 |
_a808.8 / _bUN53 |
||
| 100 |
_aUnamuno, Miguel de _9458 |
||
| 245 | _aNiebla / | ||
| 260 |
_aBogotá : _bLa oveja Negra, _c1984. |
||
| 300 |
_a214 páginas ; _c19 cm. |
||
| 440 |
_aHistoria universal de la literatura. _n34 _912535 |
||
| 650 |
_aNovelas españolas _9584 |
||
| 650 |
_aSiglo XX _98 |
||
| 650 |
_aNovelas filosóficas _912536 |
||
| 650 |
_aEspaña _9176 |
||
| 942 |
_2ddc _cLIBROS |
||
| 945 | _azta | ||